000 00735nam a2200229 i 4500
001 C2-0229972
003 PPAK
005 20180728160537.0
008 001022s my |||| ||||| | may d
040 _aPPAK
_beng
_cPPAK
_erda
082 0 4 _a297.1226
_223
090 0 0 _a297.1226
_bABU
_dKSA
100 1 _aAbul Quasem, Muhammad,
_eauthor
245 1 0 _aMutiara Al-Qur'an teori Imam Al-Ghazali:
_bsatu terjemahan dengan pengenalan dan anotasi Kitab Jawahir Al-Quran karya Al-Ghazali
264 1 _aKuala Lumpur :
_bUniversiti Kebangsaan Malaysia ,
300 _c22 cm
336 _2rdacontent
_atext
337 _2rdamedia
_aunmediated
338 _2rdacarrier
_avolume
500 _aTesis - Ijazah Pengajian Islam
942 _ddc
_cB
999 _c149480
_d149480